000 00503nam a2200181Ia 4500
001 9025
005 20260306160653.0
008 260306t2015||||xx |||||||||||||| ||spa||
041 _aESP
082 _a372.35
_bV65
100 _aVílchez González, José Miguel
_eAUT
245 0 _aDidáctica de las ciencias para la educación primaria:
_bI. Ciencias del espacio y de la tierra
260 _c2015
300 _a230 páginas :
_c24 cm.
650 _aGEN
654 _aCED
942 _cLIB
_dJUS
_fJUS
_2ddc
_n
999 _c9025
_d9025